000 00249nam a2200097Ia 4500
001 726451
005 20250826163429.0
008 250824s9999 xx 000 0 und d
245 0 _aYENİ GÜN YENİ UMUT
_cMEHMET FİDAN
260 _bATLIKARINCA YAYINLARI
999 _c726451
_d726451